[Event "Tradewise Gibraltar Masters 14th"]
[Site "Gibraltar"]
[Date "2016.02.02"]
[Round "8.48"]
[White "Nakar, Eylon"]
[Black "Vojinovic, Jovana"]
[Result "1-0"]
[WhiteElo "2479"]
[BlackElo "2352"]
[PlyCount "79"]
[EventDate "2016.01.26"]
[EventType "swiss"]
[EventRounds "10"]
[EventCountry "GGB"]
[Source "www.saund.co.uk"]
[SourceDate "2005.02.07"]

1. e4 d5 2. exd5 Qxd5 3. Nc3 Qa5 4. d4 Nf6 5. Bc4 Bg4 6. Nge2 Nbd7 7. Bd2 Qb6
8. f3 Bf5 9. a4 a5 10. Bb3 e5 11. Ng3 Bg6 12. dxe5 Nxe5 13. f4 Nd3+ 14. cxd3
Bxd3 15. Bc2 Ba6 16. Qf3 Qxb2 17. Qe3+ Kd8 18. Ra2 Qb4 19. Nb5 Qc5 20. Bb3 Ng4
21. Qxc5 Bxc5 22. Ke2 c6 23. Kf3 Nf2 24. Rc1 Nd3 25. Rc3 Nb4 26. Rxc5 Nxa2 27.
Bxa5+ b6 28. Bxb6+ Kd7 29. Nc7 Rab8 30. a5 Nb4 31. Bxf7 g6 32. Be6+ Ke7 33. Re5
Bb7 34. Bc8+ Kf7 35. Bxb7 Rxb7 36. Ne4 Rd8 37. Ng5+ Kg8 38. Re7 Rd3+ 39. Ke2
Rc3 40. Re8+ 1-0

[Event "Tradewise Gibraltar Masters 14th"]
[Site "Gibraltar"]
[Date "2016.02.02"]
[Round "8.49"]
[White "Midonet, Mathieu"]
[Black "Kashlinskaya, Alina"]
[Result "0-1"]
[WhiteElo "2211"]
[BlackElo "2462"]
[PlyCount "80"]
[EventDate "2016.01.26"]
[EventType "swiss"]
[EventRounds "10"]
[EventCountry "GGB"]
[Source "www.saund.co.uk"]
[SourceDate "2005.02.07"]

1. e4 c5 2. b3 g6 3. Bb2 Nf6 4. e5 Nd5 5. Bc4 Nb6 6. e6 f6 7. exd7+ Qxd7 8. Bd3
Bg7 9. Nc3 e5 10. a4 Nc6 11. Nf3 f5 12. a5 e4 13. axb6 exd3 14. O-O O-O 15. Na4
Nb4 16. cxd3 Nxd3 17. Bxg7 Kxg7 18. Qc2 Rf6 19. Nb2 Nxb2 20. Qxb2 a6 21. Rfe1
Qd8 22. Re5 Bd7 23. Rae1 Kg8 24. Re7 Rf7 25. Rxf7 Kxf7 26. Qe5 Bc6 27. Qe6+ Kg7
28. Qe7+ Qxe7 29. Rxe7+ Kf6 30. Rxh7 a5 31. d4 cxd4 32. Kf1 d3 33. Ke1 Ra6 34.
Nd4 Rxb6 35. Rh3 Be4 36. f3 Ke5 37. fxe4 Kxd4 38. exf5 Kc3 39. Rh6 Kc2 40. Rxg6
d2+ 0-1

[Event "Tradewise Gibraltar Masters 14th"]
[Site "Gibraltar"]
[Date "2016.02.02"]
[Round "8.50"]
[White "Carlstedt, Jonathan"]
[Black "Nava Pereda, Carlos"]
[Result "1-0"]
[WhiteElo "2461"]
[BlackElo "2262"]
[PlyCount "53"]
[EventDate "2016.01.26"]
[EventType "swiss"]
[EventRounds "10"]
[EventCountry "GGB"]
[Source "www.saund.co.uk"]
[SourceDate "2005.02.07"]

1. e4 Nc6 2. d4 d5 3. Nc3 e6 4. e5 f6 5. Bb5 Bd7 6. Nf3 Qe7 7. Bf4 O-O-O 8. O-O
a6 9. Ba4 Qe8 10. exf6 gxf6 11. Re1 Qf7 12. a3 Na5 13. Bxd7+ Qxd7 14. Qe2 Re8
15. b4 Nc4 16. b5 a5 17. b6 Nxb6 18. Nb5 Bd6 19. Nxd6+ cxd6 20. Rab1 Nc4 21.
Nd2 Qc6 22. Nxc4 dxc4 23. d5 Qa6 24. Qh5 Ne7 25. Rxe6 Ng6 26. Rxd6 Nxf4 27.
Qf5+ 1-0

[Event "Tradewise Gibraltar Masters 14th"]
[Site "Gibraltar"]
[Date "2016.02.02"]
[Round "8.51"]
[White "Galyas, Miklos"]
[Black "Hill, Alistair"]
[Result "1-0"]
[WhiteElo "2459"]
[BlackElo "2167"]
[PlyCount "87"]
[EventDate "2016.01.26"]
[EventType "swiss"]
[EventRounds "10"]
[EventCountry "GGB"]
[Source "www.saund.co.uk"]
[SourceDate "2005.02.07"]

1. d4 Nf6 2. c4 g6 3. Nc3 d5 4. Nf3 Bg7 5. e3 O-O 6. Qb3 c5 7. cxd5 Nbd7 8. Be2
cxd4 9. Nxd4 Nb6 10. Bf3 Bg4 11. Bxg4 Nxg4 12. O-O Bxd4 13. exd4 Nf6 14. Re1
Nfxd5 15. Nxd5 Qxd5 16. Rxe7 Rae8 17. Rxe8 Rxe8 18. Be3 Qxb3 19. axb3 a6 20.
Ra5 Rd8 21. g4 Rd5 22. Rc5 Rxc5 23. dxc5 Nd5 24. Kf1 Kf8 25. Ke2 Ke7 26. Kd3
Ke6 27. Kc4 Ke5 28. Bd4+ Ke6 29. b4 Nc7 30. f3 f5 31. Bf2 f4 32. Be1 g5 33. Bd2
Nd5 34. b5 Ne3+ 35. Bxe3 fxe3 36. bxa6 e2 37. axb7 e1=Q 38. b8=Q Qe2+ 39. Kb3
Qxf3+ 40. Ka2 Qf4 41. Qd6+ Kf7 42. Qd5+ Ke7 43. h3 h6 44. c6 1-0

[Event "Tradewise Gibraltar Masters 14th"]
[Site "Gibraltar"]
[Date "2016.02.02"]
[Round "8.52"]
[White "Pinho, Paulo"]
[Black "Stark, Lars"]
[Result "1-0"]
[WhiteElo "2197"]
[BlackElo "2440"]
[PlyCount "117"]
[EventDate "2016.01.26"]
[EventType "swiss"]
[EventRounds "10"]
[EventCountry "GGB"]
[Source "www.saund.co.uk"]
[SourceDate "2005.02.07"]

1. d4 Nf6 2. c4 e6 3. Nf3 b6 4. Nc3 Bb4 5. Bg5 Bb7 6. e3 h6 7. Bh4 Bxc3+ 8.
bxc3 d6 9. Bd3 Nbd7 10. O-O g5 11. Bg3 Rg8 12. a4 a5 13. Ra2 Qe7 14. Rb2 Rc8
15. c5 h5 16. Bb5 Bxf3 17. Qxf3 h4 18. cxd6 cxd6 19. Bxd6 Qxd6 20. Qxf6 h3 21.
gxh3 Qd5 22. Bxd7+ Qxd7 23. Rxb6 Rg6 24. Qe5 g4 25. h4 Rh6 26. Rfb1 Qc7 27. Qg5
Rg6 28. Qxa5 g3 29. Qb5+ Kf8 30. hxg3 Rxg3+ 31. Kf1 Rg4 32. Rb8 Qxc3 33. Rxc8+
Qxc8 34. Qb8 Qxb8 35. Rxb8+ Kg7 36. h5 Rh4 37. Rb5 f5 38. Rb6 Kf7 39. Rb7+ Kf6
40. Rb6 Ke7 41. h6 Rxh6 42. d5 Rh1+ 43. Kg2 Rh4 44. Rxe6+ Kf7 45. a5 Ra4 46. a6
Ra5 47. Rh6 Kg7 48. Rd6 Kf7 49. Kf3 Ra2 50. Rc6 Ke7 51. Kg3 Kd7 52. Rh6 Kc7 53.
f3 Ra4 54. Rf6 f4+ 55. Rxf4 Rxa6 56. Rf7+ Kd8 57. e4 Ke8 58. Rb7 Rf6 59. e5 1-0

[Event "Tradewise Gibraltar Masters 14th"]
[Site "Gibraltar"]
[Date "2016.02.02"]
[Round "8.53"]
[White "Tischbierek, Raj"]
[Black "Fiala, Vaclav"]
[Result "0-1"]
[WhiteElo "2433"]
[BlackElo "2217"]
[PlyCount "118"]
[EventDate "2016.01.26"]
[EventType "swiss"]
[EventRounds "10"]
[EventCountry "GGB"]
[Source "www.saund.co.uk"]
[SourceDate "2005.02.07"]

1. d4 c6 2. e4 d5 3. Nc3 dxe4 4. Nxe4 Bf5 5. Ng3 Bg6 6. h4 h6 7. Nf3 Nd7 8. h5
Bh7 9. Bd3 Bxd3 10. Qxd3 e6 11. Bf4 Qa5+ 12. Bd2 Qc7 13. O-O-O Ngf6 14. Qe2
O-O-O 15. Ne5 Nxe5 16. dxe5 Nd5 17. Rh4 Bc5 18. Rg4 Rhg8 19. Re1 Qb6 20. Rf1
Kb8 21. c3 Ka8 22. Kc2 Be7 23. a3 Qc7 24. c4 Nb6 25. Ba5 Rd7 26. Re1 Qb8 27.
Nf1 Bg5 28. g3 Na4 29. b3 Nc5 30. Rb1 Nd3 31. f4 f5 32. exf6 Bxf6 33. Rd1 Nc5
34. Rxd7 Nxd7 35. Qxe6 Nc5 36. Qf5 Qd6 37. Bb4 Rd8 38. Nd2 b6 39. Rg6 Qd4 40.
Rxf6 Qxf6 41. Qxf6 gxf6 42. Bc3 f5 43. b4 Ne6 44. Nf1 Rg8 45. Kd3 Kb7 46. Bf6
a6 47. Bh4 Rf8 48. c5 Rf7 49. cxb6 Kxb6 50. Kc4 Kc7 51. Nd2 Kd6 52. Nb3 Ng7 53.
Nc5 Nxh5 54. a4 Rg7 55. Nxa6 Nxg3 56. Bf6 Ra7 57. Be5+ Ke6 58. b5 Ne4 59. b6
Rxa6 0-1

[Event "Tradewise Gibraltar Masters 14th"]
[Site "Gibraltar"]
[Date "2016.02.02"]
[Round "8.54"]
[White "Dolzhikova, Olga"]
[Black "Carlsson, Pontus"]
[Result "0-1"]
[WhiteElo "2126"]
[BlackElo "2430"]
[PlyCount "59"]
[EventDate "2016.01.26"]
[EventType "swiss"]
[EventRounds "10"]
[EventCountry "GGB"]
[Source "www.saund.co.uk"]
[SourceDate "2005.02.07"]

1. e4 e6 2. d4 d5 3. exd5 exd5 4. Bd3 Nc6 5. c3 Bd6 6. Nf3 Bg4 7. Nbd2 Nge7 8.
O-O Qd7 9. b4 Ng6 10. Re1+ Nce7 11. Nf1 O-O-O 12. h3 Bf5 13. Be2 f6 14. a4 Kb8
15. b5 Rde8 16. a5 Be4 17. Qb3 Nf5 18. Bd2 Ngh4 19. Nxh4 Nxh4 20. f3 Bf5 21. g4
Rxe2 22. Rxe2 Nxf3+ 23. Kf2 Be4 24. Rxe4 dxe4 25. c4 Nxd4 26. Qb2 Bc5 27. Bc3
f5 28. Rd1 fxg4 29. Kg2 gxh3+ 30. Kh1 0-1

[Event "Tradewise Gibraltar Masters 14th"]
[Site "Gibraltar"]
[Date "2016.02.02"]
[Round "8.55"]
[White "Fodor, Tamas Jr"]
[Black "Plotkin, Victor"]
[Result "1-0"]
[WhiteElo "2500"]
[BlackElo "2291"]
[PlyCount "57"]
[EventDate "2016.01.26"]
[EventType "swiss"]
[EventRounds "10"]
[EventCountry "GGB"]
[Source "www.saund.co.uk"]
[SourceDate "2005.02.07"]

1. d4 d5 2. c4 dxc4 3. e4 e5 4. Nf3 exd4 5. Bxc4 Nc6 6. O-O Be6 7. Bb5 Bc5 8.
b4 Bb6 9. a4 a5 10. bxa5 Rxa5 11. Nbd2 Nge7 12. Ng5 O-O 13. Qh5 h6 14. Nxe6
fxe6 15. Nc4 Qe8 16. Qh3 Qg6 17. Ba3 Rf7 18. Rae1 Ra8 19. f4 Ba7 20. Kh1 Rd8
21. Nb2 Rf6 22. Bc4 Kh8 23. e5 Rf5 24. g4 Rff8 25. Bd3 Qf7 26. f5 exf5 27. gxf5
Kg8 28. f6 gxf6 29. e6 1-0

[Event "Tradewise Gibraltar Masters 14th"]
[Site "Gibraltar"]
[Date "2016.02.02"]
[Round "8.56"]
[White "Al-Sayed, Mohammed"]
[Black "Mihajlov, Sebastian"]
[Result "1-0"]
[WhiteElo "2530"]
[BlackElo "2335"]
[PlyCount "89"]
[EventDate "2016.01.26"]
[EventType "swiss"]
[EventRounds "10"]
[EventCountry "GGB"]
[Source "www.saund.co.uk"]
[SourceDate "2005.02.07"]

1. Nf3 Nf6 2. c4 g6 3. Nc3 Bg7 4. e4 d6 5. d4 O-O 6. h3 e5 7. d5 a5 8. g4 Na6
9. Be3 Nd7 10. a3 Nac5 11. Nd2 c6 12. h4 a4 13. h5 Bf6 14. Qf3 g5 15. Qd1 h6
16. Qc2 Be7 17. Be2 Qa5 18. O-O Nf6 19. f3 Bd7 20. Kg2 Rfc8 21. Rfd1 Kg7 22.
Rab1 cxd5 23. exd5 Qc7 24. Rbc1 b6 25. Bd3 Nxd3 26. Qxd3 Nxg4 27. fxg4 Bxg4 28.
Rh1 Qd7 29. Nce4 Rf8 30. Rcf1 Bf5 31. Rxf5 Qxf5 32. Rf1 Qh7 33. Bxb6 Rab8 34.
c5 f5 35. Ng3 f4 36. Qxh7+ Kxh7 37. Nge4 dxc5 38. Bc7 Rxb2 39. Bxe5 Rxd2+ 40.
Nxd2 Rd8 41. Nc4 Rxd5 42. Kf3 Kg8 43. Ke4 Rd8 44. Rb1 Rf8 45. Rb6 1-0

[Event "Tradewise Gibraltar Masters 14th"]
[Site "Gibraltar"]
[Date "2016.02.02"]
[Round "8.57"]
[White "Blomqvist, Erik"]
[Black "Bergstrom, Rolf"]
[Result "1-0"]
[WhiteElo "2492"]
[BlackElo "2297"]
[PlyCount "49"]
[EventDate "2016.01.26"]
[EventType "swiss"]
[EventRounds "10"]
[EventCountry "GGB"]
[Source "www.saund.co.uk"]
[SourceDate "2005.02.07"]

1. e4 d6 2. d4 Nf6 3. Nc3 e5 4. Nf3 Nbd7 5. g4 h6 6. g5 hxg5 7. Nxg5 exd4 8.
Qxd4 Ne5 9. Be2 Be7 10. h4 Nc6 11. Qd3 d5 12. Bf4 Nb4 13. Qd2 Nxe4 14. Ncxe4
dxe4 15. Qc3 Qd4 16. Qb3 Bxg5 17. Rd1 Qc5 18. Bxg5 Be6 19. Qa4+ c6 20. Rd2 b5
21. Qa5 Nd5 22. c4 e3 23. fxe3 Nb6 24. Qc3 f6 25. Bxf6 1-0

[Event "Tradewise Gibraltar Masters 14th"]
[Site "Gibraltar"]
[Date "2016.02.02"]
[Round "8.58"]
[White "Pourkashiyan, Atousa"]
[Black "Tarjan, James E"]
[Result "0-1"]
[WhiteElo "2338"]
[BlackElo "2478"]
[PlyCount "82"]
[EventDate "2016.01.26"]
[EventType "swiss"]
[EventRounds "10"]
[EventCountry "GGB"]
[Source "www.saund.co.uk"]
[SourceDate "2005.02.07"]

1. e4 c6 2. d4 d5 3. Nd2 dxe4 4. Nxe4 Nd7 5. Ng5 Ngf6 6. Bd3 e6 7. Qe2 Bd6 8.
N1f3 h6 9. Ne4 Nxe4 10. Qxe4 Qc7 11. Qg4 Kf8 12. O-O b6 13. b3 Bb7 14. Bb2 Nf6
15. Qh3 Rd8 16. Rfe1 h5 17. Ng5 h4 18. Bg6 Bc8 19. Bxf7 Bf4 20. Ba3+ c5 21.
dxc5 bxc5 22. Nxe6+ Kxf7 23. Nxd8+ Rxd8 24. Qxh4 Rd5 25. g3 Be5 26. Rad1 Bd4
27. Bc1 Qc6 28. Bg5 Rxg5 29. Qxg5 Bb7 30. Kf1 Qg2+ 31. Ke2 Qxf2+ 32. Kd3 Ba6+
33. c4 Bc8 34. g4 Bxg4 35. Qxg4 Nxg4 36. Rf1 Kg6 37. Rxf2 Nxf2+ 38. Ke2 Nxd1
39. Kxd1 Kf5 40. Ke2 Ke4 41. a3 a5 0-1

[Event "Tradewise Gibraltar Masters 14th"]
[Site "Gibraltar"]
[Date "2016.02.02"]
[Round "8.59"]
[White "Xu, Xiangyu"]
[Black "Goriatchkin, Jouri"]
[Result "1/2-1/2"]
[WhiteElo "2466"]
[BlackElo "2300"]
[PlyCount "75"]
[EventDate "2016.01.26"]
[EventType "swiss"]
[EventRounds "10"]
[EventCountry "GGB"]
[Source "www.saund.co.uk"]
[SourceDate "2005.02.07"]

1. e4 e6 2. d4 d5 3. Nd2 Nc6 4. Ngf3 Nf6 5. e5 Nd7 6. Be2 f6 7. exf6 Nxf6 8.
O-O Bd6 9. Re1 O-O 10. c4 b6 11. Bd3 Nb4 12. Bb1 c5 13. b3 Nc6 14. Bb2 Qc7 15.
cxd5 exd5 16. h3 Bd7 17. Nf1 c4 18. Ne3 b5 19. g4 Ne7 20. Ne5 c3 21. Bc1 Be6
22. f4 Ne4 23. Nxd5 Bxd5 24. Bxe4 Bxe5 25. dxe5 Bxe4 26. Rxe4 c2 27. Qe1 Rfd8
28. Ba3 Rd3 29. Rc1 Nd5 30. Bb2 Qb6+ 31. Kh2 Rc8 32. e6 Rd1 33. Qg3 Rd2+ 34.
Kh1 Rd1+ 35. Kh2 Rd2+ 36. Kh1 Rd1+ 37. Kh2 Rd2+ 38. Kh1 1/2-1/2

[Event "Tradewise Gibraltar Masters 14th"]
[Site "Gibraltar"]
[Date "2016.02.02"]
[Round "8.60"]
[White "Mannion, Stephen R"]
[Black "Salomon, Johan"]
[Result "0-1"]
[WhiteElo "2334"]
[BlackElo "2444"]
[PlyCount "182"]
[EventDate "2016.01.26"]
[EventType "swiss"]
[EventRounds "10"]
[EventCountry "GGB"]
[Source "www.saund.co.uk"]
[SourceDate "2005.02.07"]

1. e4 c5 2. Nf3 d6 3. d4 cxd4 4. Nxd4 Nf6 5. Nc3 a6 6. f4 e5 7. Nf3 Nbd7 8. a4
Be7 9. Bc4 O-O 10. O-O Qc7 11. Qe2 exf4 12. Bxf4 Ne5 13. Bb3 Bg4 14. Kh1 Rac8
15. Bg5 Nxf3 16. gxf3 Be6 17. Rg1 Kh8 18. Rad1 Qc5 19. Be3 Qb4 20. Bd4 Rg8 21.
Qg2 Bxb3 22. cxb3 Qxb3 23. Nd5 Bd8 24. Qg3 Ne8 25. Rd2 Rc2 26. Rxc2 Qxc2 27. a5
Qc8 28. b4 Qd7 29. Qf4 Qe6 30. Rd1 Nc7 31. Ne3 Nb5 32. Ba1 b6 33. Nf5 f6 34.
Rg1 bxa5 35. bxa5 Qf7 36. Qh4 d5 37. Rg3 dxe4 38. Rh3 g5 39. Qxe4 Re8 40. Qb1
Bxa5 41. Rh6 Re1+ 42. Qxe1 Bxe1 43. Rxf6 Qxf6 44. Bxf6+ Kg8 45. Bxg5 a5 46. Bc1
a4 47. Ne3 a3 48. Nc2 a2 49. Bb2 Bc3 50. Bxc3 Nxc3 51. Kg2 Nd1 52. Na1 h5 53.
Kf1 Ne3+ 54. Ke2 Nf5 55. Kd3 Nh4 56. Ke4 Kf7 57. f4 Ke6 58. Nc2 Ng2 59. Na1 Ne1
60. Ke3 Kf7 61. Ke2 Ng2 62. Kd2 h4 63. Kc1 Ne1 64. Kb2 Nf3 65. Nc2 Nxh2 66. Ne3
Ke8 67. f5 Nf3 68. f6 Ng5 69. Nf1 Kf7 70. Kxa2 Kxf6 71. Kb2 Kf5 72. Kc2 Kf4 73.
Kd2 Kf3 74. Ke1 h3 75. Nh2+ Kg3 76. Nf1+ Kf3 77. Nh2+ Kg2 78. Ng4 Nf3+ 79. Ke2
Ne5 80. Ne3+ Kg1 81. Nf1 Ng6 82. Nd2 Kg2 83. Nf1 Nf4+ 84. Ke1 Ne6 85. Ke2 Nd4+
86. Ke1 Kg1 87. Ng3 h2 88. Nh1 Kg2 89. Nf2 Nf5 90. Ke2 Ng3+ 91. Ke3 Ne4 0-1

[Event "Tradewise Gibraltar Masters 14th"]
[Site "Gibraltar"]
[Date "2016.02.02"]
[Round "8.61"]
[White "Kollars, Dmitrij"]
[Black "Piasetski, Leon"]
[Result "1-0"]
[WhiteElo "2436"]
[BlackElo "2277"]
[PlyCount "69"]
[EventDate "2016.01.26"]
[EventType "swiss"]
[EventRounds "10"]
[EventCountry "GGB"]
[Source "www.saund.co.uk"]
[SourceDate "2005.02.07"]

1. e4 e5 2. Nf3 d6 3. d4 exd4 4. Nxd4 Nf6 5. Nc3 Be7 6. g3 O-O 7. Bg2 Re8 8.
O-O c6 9. Re1 Na6 10. h3 Bf8 11. Bf4 Nd7 12. Qd2 Ne5 13. Rad1 g6 14. b3 f6 15.
Be3 Bd7 16. a4 Qc7 17. f4 Nf7 18. Qe2 Nb4 19. Nf3 Bg7 20. Qd2 a5 21. Bd4 Re7
22. Bf1 Rae8 23. Kh2 Be6 24. Qf2 c5 25. Nb5 Qc6 26. Bb2 d5 27. exd5 Bxd5 28.
Rxe7 Rxe7 29. Bg2 Qe8 30. Rd2 b6 31. c3 Bxb3 32. cxb4 axb4 33. Ng1 Bxa4 34. Nd6
Nxd6 35. Rxd6 1-0

[Event "Tradewise Gibraltar Masters 14th"]
[Site "Gibraltar"]
[Date "2016.02.02"]
[Round "8.62"]
[White "Santos Ruiz, Miguel"]
[Black "Perez Garcia, Alejandro"]
[Result "1/2-1/2"]
[WhiteElo "2427"]
[BlackElo "2273"]
[PlyCount "62"]
[EventDate "2016.01.26"]
[EventType "swiss"]
[EventRounds "10"]
[EventCountry "GGB"]
[Source "www.saund.co.uk"]
[SourceDate "2005.02.07"]

1. e4 e5 2. Nf3 Nc6 3. Bb5 a6 4. Ba4 Nge7 5. Bb3 d5 6. exd5 Nxd5 7. O-O Be6 8.
Re1 Bc5 9. d3 O-O 10. Ng5 h6 11. Nxe6 fxe6 12. Be3 Nd4 13. Nd2 Qh4 14. Ne4 Nxb3
15. axb3 Bxe3 16. fxe3 Nf6 17. g3 Qh3 18. Nf2 Qf5 19. e4 Qg6 20. Qd2 Rf7 21.
Rf1 Raf8 22. Nh1 h5 23. Rf2 h4 24. Raf1 h3 25. b4 Qg4 26. Qe2 Qg5 27. Qe1 Qh5
28. Qe2 Qg5 29. Qe1 Qh5 30. Qe2 Qg5 31. Qe1 Qh5 1/2-1/2

[Event "Tradewise Gibraltar Masters 14th"]
[Site "Gibraltar"]
[Date "2016.02.02"]
[Round "8.63"]
[White "Nagy, Gabor"]
[Black "Sanchez Jerez, Emilio Miguel"]
[Result "1-0"]
[WhiteElo "2413"]
[BlackElo "2265"]
[PlyCount "73"]
[EventDate "2016.01.26"]
[EventType "swiss"]
[EventRounds "10"]
[EventCountry "GGB"]
[Source "www.saund.co.uk"]
[SourceDate "2005.02.07"]

1. Nf3 f5 2. d3 Nc6 3. d4 d5 4. Bf4 Nf6 5. e3 e6 6. c4 Be7 7. Nc3 O-O 8. Be2
Nh5 9. O-O Nxf4 10. exf4 Bf6 11. c5 Bd7 12. Bb5 Nb8 13. Re1 c6 14. Bf1 Be8 15.
Rxe6 Bh5 16. Be2 Bxf3 17. Bxf3 Re8 18. Rxe8+ Qxe8 19. Qb3 Nd7 20. Qxb7 Qc8 21.
Qxc8+ Rxc8 22. Ne2 Rb8 23. Rb1 a5 24. b3 Nf8 25. Rd1 Ne6 26. g4 g6 27. g5 Bg7
28. Rd3 h6 29. h4 Kf7 30. a3 hxg5 31. fxg5 Rh8 32. b4 axb4 33. axb4 Rh7 34. b5
cxb5 35. Bxd5 f4 36. Ra3 f3 37. Rxf3+ 1-0

[Event "Tradewise Gibraltar Masters 14th"]
[Site "Gibraltar"]
[Date "2016.02.02"]
[Round "8.64"]
[White "Kharous, Ernest"]
[Black "Rydl, Jiri"]
[Result "0-1"]
[WhiteElo "2314"]
[BlackElo "2412"]
[PlyCount "52"]
[EventDate "2016.01.26"]
[EventType "swiss"]
[EventRounds "10"]
[EventCountry "GGB"]
[Source "www.saund.co.uk"]
[SourceDate "2005.02.07"]

1. e4 e6 2. d4 d5 3. Nc3 Bb4 4. e5 Ne7 5. a3 Bxc3+ 6. bxc3 c5 7. Nf3 b6 8. a4
Ba6 9. Bxa6 Nxa6 10. O-O h6 11. Ba3 Qc7 12. c4 dxc4 13. Qe2 O-O 14. Qxc4 Qb7
15. Rab1 Rfc8 16. Qb5 Nd5 17. Qb2 cxd4 18. Qxd4 Rxc2 19. Rb3 Rac8 20. a5 R2c4
21. Qb2 Nc5 22. Bxc5 R8xc5 23. axb6 axb6 24. Nd4 Nf4 25. Nf3 Rc2 26. Qb1 Rc1
0-1

[Event "Tradewise Gibraltar Masters 14th"]
[Site "Gibraltar"]
[Date "2016.02.02"]
[Round "8.65"]
[White "Satyapragyan, Swayangsu"]
[Black "Cordes, Hans-Joerg"]
[Result "1-0"]
[WhiteElo "2410"]
[BlackElo "2257"]
[PlyCount "55"]
[EventDate "2016.01.26"]
[EventType "swiss"]
[EventRounds "10"]
[EventCountry "GGB"]
[Source "www.saund.co.uk"]
[SourceDate "2005.02.07"]

1. e4 e6 2. d4 d5 3. e5 c5 4. c3 Nc6 5. Nf3 Qb6 6. Be2 Nh6 7. Bxh6 gxh6 8. Qd2
Bd7 9. O-O Rc8 10. Na3 cxd4 11. cxd4 Qb4 12. Qe3 Na5 13. Rab1 Bg7 14. Bd3 O-O
15. Nc2 Qb6 16. Qe2 Nc6 17. b4 Ne7 18. b5 Rc3 19. Ne3 f6 20. exf6 Bxf6 21. Qd2
Qc7 22. Ng4 Bg7 23. Nge5 Be8 24. Rbc1 Rxc1 25. Rxc1 Qd6 26. Qc2 Nf5 27. Qc5 Bh5
28. Bxf5 1-0

[Event "Tradewise Gibraltar Masters 14th"]
[Site "Gibraltar"]
[Date "2016.02.02"]
[Round "8.66"]
[White "Martinez Martin, David"]
[Black "Nebolsina, Vera"]
[Result "1-0"]
[WhiteElo "2407"]
[BlackElo "2208"]
[PlyCount "65"]
[EventDate "2016.01.26"]
[EventType "swiss"]
[EventRounds "10"]
[EventCountry "GGB"]
[Source "www.saund.co.uk"]
[SourceDate "2005.02.07"]

1. d4 d5 2. c4 c6 3. Nf3 Nf6 4. e3 g6 5. Nc3 a6 6. a4 a5 7. cxd5 Nxd5 8. e4 Nb4
9. Be3 Bg7 10. Bc4 O-O 11. Qb3 N8a6 12. h4 Bg4 13. Nh2 Qc8 14. Nxg4 Qxg4 15. h5
Nc7 16. hxg6 hxg6 17. Rh3 b5 18. axb5 cxb5 19. Be2 Qxg2 20. Rg3 Qh1+ 21. Bf1
Nc6 22. Ne2 Ne6 23. Rd1 Rfd8 24. d5 a4 25. Qc2 Nb4 26. Qb1 Rac8 27. Rh3 Bxb2
28. Rxh1 a3 29. Bh3 Rc2 30. dxe6 Rd3 31. exf7+ Kxf7 32. Rxd3 Nxd3+ 33. Kd1 1-0

[Event "Tradewise Gibraltar Masters 14th"]
[Site "Gibraltar"]
[Date "2016.02.02"]
[Round "8.67"]
[White "Kohlweyer, Bernd"]
[Black "Hommerson, Paul"]
[Result "0-1"]
[WhiteElo "2404"]
[BlackElo "2240"]
[PlyCount "104"]
[EventDate "2016.01.26"]
[EventType "swiss"]
[EventRounds "10"]
[EventCountry "GGB"]
[Source "www.saund.co.uk"]
[SourceDate "2005.02.07"]

1. d4 Nf6 2. c4 g6 3. Nc3 Bg7 4. e4 d6 5. h3 O-O 6. Nf3 e5 7. d5 Nh5 8. g3 Na6
9. a3 Nc5 10. b4 Nd7 11. Rb1 a5 12. Be2 axb4 13. axb4 Qe7 14. Nd2 Nhf6 15. Nf1
Ne8 16. h4 f5 17. h5 Ndf6 18. hxg6 hxg6 19. Bg5 Qf7 20. Ra1 Rxa1 21. Qxa1 Nxe4
22. Nxe4 fxe4 23. Be3 Nf6 24. Qd1 b5 25. Nh2 bxc4 26. O-O Bb7 27. Bxc4 Bxd5 28.
Bxd5 Nxd5 29. Qc2 Nxb4 30. Qxe4 Nd5 31. Ng4 Nf6 32. Nxf6+ Qxf6 33. Rc1 c5 34.
Qd5+ Rf7 35. Ra1 Bf8 36. Ra8 Kg7 37. Qh1 g5 38. Qh5 Qg6 39. Qxg5 Qxg5 40. Bxg5
Kg6 41. Bd2 Kf5 42. f3 Ke6 43. Kg2 c4 44. g4 Be7 45. Ra4 Kd5 46. Ra7 Rg7 47.
Bb4 Bf8 48. Ra5+ Kd4 49. Ra1 c3 50. Rc1 Rc7 51. Rd1+ Ke3 52. Ba3 Ke2 0-1

[Event "Tradewise Gibraltar Masters 14th"]
[Site "Gibraltar"]
[Date "2016.02.02"]
[Round "8.68"]
[White "Papp, Petra"]
[Black "Solomon, Kenny"]
[Result "1/2-1/2"]
[WhiteElo "2308"]
[BlackElo "2390"]
[PlyCount "81"]
[EventDate "2016.01.26"]
[EventType "swiss"]
[EventRounds "10"]
[EventCountry "GGB"]
[Source "www.saund.co.uk"]
[SourceDate "2005.02.07"]

1. e4 e5 2. Nf3 Nc6 3. Bb5 a6 4. Ba4 Nf6 5. O-O Be7 6. Re1 b5 7. Bb3 d6 8. c3
O-O 9. h3 Nb8 10. d4 Nbd7 11. Nbd2 Bb7 12. Bc2 Re8 13. a4 Bf8 14. Bd3 c6 15. b3
g6 16. Bb2 Nh5 17. Bf1 Qc7 18. Qc2 Rac8 19. Rab1 Nf4 20. g3 Ne6 21. h4 Rb8 22.
Ba1 Bg7 23. b4 Rbd8 24. dxe5 Nxe5 25. Nxe5 dxe5 26. Nf3 Bc8 27. Qa2 Nf8 28. c4
Bg4 29. Be2 Qe7 30. Rbc1 Bxf3 31. Bxf3 Ne6 32. Rcd1 h5 33. Bg2 Qc7 34. Qc2 Rxd1
35. Rxd1 Rd8 36. cxb5 Rxd1+ 37. Qxd1 cxb5 38. axb5 axb5 39. Bf1 Nd4 40. Bxd4
exd4 41. Bxb5 1/2-1/2

[Event "Tradewise Gibraltar Masters 14th"]
[Site "Gibraltar"]
[Date "2016.02.02"]
[Round "8.69"]
[White "Pratyusha, Bodda"]
[Black "Galinsky, Timofey"]
[Result "1/2-1/2"]
[WhiteElo "2278"]
[BlackElo "2379"]
[PlyCount "96"]
[EventDate "2016.01.26"]
[EventType "swiss"]
[EventRounds "10"]
[EventCountry "GGB"]
[Source "www.saund.co.uk"]
[SourceDate "2005.02.07"]

1. d4 d5 2. c4 c6 3. Nc3 e6 4. e3 f5 5. Qc2 Bd6 6. Nf3 Nd7 7. Bd3 Ngf6 8. cxd5
cxd5 9. O-O O-O 10. b3 a6 11. a4 Qe7 12. Qa2 Ne4 13. Ne2 Nb8 14. Ne5 Nc6 15.
Ba3 Bd7 16. f3 Bxa3 17. Qxa3 Qxa3 18. Rxa3 Nxe5 19. dxe5 Nc5 20. Bc2 a5 21.
Raa1 Rfc8 22. Rac1 Rc7 23. Bb1 Rac8 24. Rc3 b5 25. Rfc1 bxa4 26. bxa4 Bxa4 27.
Ra3 Rb8 28. Bxf5 Bb5 29. Nc3 a4 30. Bc2 Be8 31. Rb1 Nb3 32. Bxh7+ Kxh7 33. Nxa4
Ra7 34. Raxb3 Rxb3 35. Rxb3 Bxa4 36. Rb6 Bd7 37. Kf2 Kg6 38. g4 Kf7 39. h4 Ke7
40. Kg3 Ra4 41. h5 Rc4 42. Rb7 Ra4 43. Rb8 d4 44. exd4 Rxd4 45. g5 Rd1 46. Kg2
Rd2+ 47. Kg3 Rd1 48. Kg2 Rd2+ 1/2-1/2